000 00353nam a2200133Ia 4500
008 100328s9999 xx 000 0 und d
082 _b32542
100 _aथोरे अशोक
245 _aललाट रेषा
260 _bराहुल
630 _aललाट रेषा
730 _aललाट रेषा
942 _cBOOK
999 _c523314
_d523311